IFM Opac

Law of Marine Insurance (Record no. 22235)

MARC details
000 -LEADER
fixed length control field 00319nam a22001337a 4500
020 ## - INTERNATIONAL STANDARD BOOK NUMBER
ISBN 1-85941-227-0
082 ## - DEWEY DECIMAL CLASSIFICATION NUMBER
Classification number 344.206862
100 ## - MAIN ENTRY--AUTHOR NAME
Personal name Hodges, Susan
245 ## - TITLE STATEMENT
Title Law of Marine Insurance
260 ## - PUBLICATION, DISTRIBUTION, ETC. (IMPRINT)
Place of publication London:
Name of publisher Cavendish Publishing,
Year of publication 1996
300 ## - PHYSICAL DESCRIPTION
Number of Pages XLVIII,647p.;23cm.
500 ## - GENERAL NOTE
General note Include Index
942 ## - ADDED ENTRY ELEMENTS (KOHA)
Koha item type Books
Holdings
Withdrawn status Lost status Damaged status Not for loan Collection code Permanent Location Current Location Shelving location Date acquired Full call number Accession Number Price effective from Koha item type
        Non-fiction IFM Main Campus Library IFM Main Campus Library Work Room processing 03/31/2026 344.206862 HOD 0000030963 03/31/2026 Books
        Non-fiction IFM Main Campus Library IFM Main Campus Library Work Room processing 03/31/2026 344.206862 HOD 0000030964 03/31/2026 Books
        Non-fiction IFM Main Campus Library IFM Main Campus Library Work Room processing 03/31/2026 344.206862 HOD 0000030965 03/31/2026 Books
        Non-fiction IFM Main Campus Library IFM Main Campus Library Work Room processing 03/31/2026 344.206862 HOD 0000030966 03/31/2026 Books
        Non-fiction IFM Main Campus Library IFM Main Campus Library Work Room processing 03/31/2026 344.206862 HOD 0000030967 03/31/2026 Books